000 00367nam a22001697a 4500
999 _c11276
_d11276
003 OSt
008 220608b ||||| |||| 00| 0 eng d
020 _a9781107652781
082 _a005.14 SIS
100 _aSINGH, Yogesh
245 _aSoftware Testing
250 _a1st
260 _aDelhi
_bCambridge
_c2017
300 _a626
650 _aCSE
942 _2ddc
_cBK